000 00530nam a22002057a 4500
003 UA-OsUOA
001 11356
007 ta
008 20050317b un ||||| |||| 00| 0 ukr d
100 _aПавлопулос Георгис
942 _cSA
040 _aUA-OsUOA
_brus
_cUA-OsUOA
_dUA-OsUOA
245 _aСтихи
300 _aС.133-142
955 _a0
041 _arus
044 _aRU
773 0 _w0
_tИностранная литература
_dМ.
_d2005
_g№1
650 7 _aХудожня література
_2UDC
999 _c297517
_d297517